[Event "Floripa Chess Open 2024"]
[Site "Florianopolis"]
[Date "2024.01.22"]
[Round "4.85"]
[White "Marcolino, Antonio Claudio H."]
[Black "Farias, Robson Da Costa"]
[Result "1-0"]
[WhiteElo "1925"]
[BlackElo "1721"]
[PlyCount "97"]
[EventDate "2024.01.20"]
[EventRounds "10"]
[EventCountry "BRA"]

1. d4 Nf6 2. c4 c6 3. Nc3 d5 4. cxd5 cxd5 5. Bf4 a6 6. e3 e6 7. Bd3 Nc6 8. Rc1
Bd6 9. Bxd6 Qxd6 10. f4 b5 11. Nf3 h5 ({RR} 11... Bb7 12. Ne5 O-O 13. O-O Rac8
14. a3 Ne7 15. Qf3 Rc7 16. g4 Rfc8 17. Rcd1 b4 18. axb4 Qxb4 19. Rf2 Ne4 20.
Nxe4 dxe4 21. Bxe4 Bxe4 22. Qxe4 Rc1 23. Rdf1 Rxf1+ 24. Rxf1 Qxb2 25. f5 exf5
26. gxf5 {Naiditsch,A (2712)-Movsesian,S (2705) Sibenik 2012 1-0 (32)}) ({RR} 
11... Bb7 12. O-O Rc8 13. Ne5 Qe7 14. Nxb5 O-O 15. Nc3 Nd7 16. Qh5 g6 17. Qg4
Nb6 18. Qe2 a5 19. Bb5 Na7 20. Ba6 f6 21. Bxb7 Qxb7 22. Nd3 Qe7 23. Qf3 Rfd8
24. Qg3 Nc6 25. Rf2 Nb4 26. Nc5 {Jovanovski,T (2140)-Manish Anto,C (2366)
Montesilvano ITA 2023 1-0 (58)}) 12. Ne5 Bb7 13. Qf3 $146 ({RR} 13. O-O O-O 14.
Qf3 Ne7 15. h3 g6 16. g4 Kg7 17. Rc2 hxg4 18. hxg4 Rh8 19. Rg2 b4 20. f5 exf5
21. gxf5 Rh6 22. fxg6 fxg6 23. Bxg6 Nxg6 24. Qf5 Nh7 25. Qf7+ Kh8 26. Nxg6+
Rxg6 27. Rxg6 Qxg6+ {Lorparizangeneh,S (2425)-Rakhimzhan,A (1801) Ulaanbaatar
2015 1-0 (43)}) 13... Qf8 14. O-O Rh6 15. Nxb5 Rc8 16. Nxc6 Rxc6 17. Rxc6 Bxc6
18. Nc7+ Kd7 19. Nxa6 Ne4 20. Bxe4 dxe4 21. Qe2 h4 22. Rc1 Qd6 23. Qc4 Bd5 24.
Qb5+ Ke7 25. a4 Rh8 26. Qc5 Ra8 27. Qxd6+ Kxd6 28. Nc5 f6 29. b4 e5 30. b5 g5
31. fxg5 fxg5 32. Rf1 exd4 33. exd4 Bc4 34. Re1 Bd3 35. Kf2 Bc2 36. Ke3 Kd5 37.
b6 Kc6 38. Re2 Bxa4 39. Ra2 Kxb6 40. Rxa4 Re8 41. Ra6+ Kb5 42. Rg6 Kc4 43. Nxe4
Ra8 44. Rxg5 Ra3+ 45. Kf4 Kxd4 46. Nd6 Ra4 47. Kf3 Ra6 48. Nf5+ Kd3 49. Nxh4
1-0

[Event "Floripa Chess Open 2024"]
[Site "Florianopolis"]
[Date "2024.01.22"]
[Round "4.86"]
[White "Pedroso, Denian"]
[Black "Felix, Joao Eduardo Orland"]
[Result "0-1"]
[WhiteElo "1924"]
[BlackElo "1703"]
[PlyCount "70"]
[EventDate "2024.01.20"]
[EventRounds "10"]
[EventCountry "BRA"]

1. e4 c5 2. Nf3 e6 3. Nc3 Nc6 4. d4 cxd4 5. Nxd4 Qc7 6. g3 a6 7. Bg2 Nf6 8. O-O
Be7 9. f4 ({RR} 9. Nde2 b5 10. Nd5 exd5 11. exd5 Bb7 12. dxc6 dxc6 13. Bf4 Qb6
14. a4 O-O 15. axb5 cxb5 16. Be3 Qc7 17. Bxb7 Qxb7 18. Nd4 Bc5 19. Nf5 Rfd8 20.
Qc1 Rd5 21. Bxc5 Rxf5 22. Bd4 Ne4 23. f4 Rd5 {Zaw,W (2533)-Almasi,Z (2668)
Istanbul 2000 0-1 (41)}) ({RR} 9. Nxc6 dxc6 10. f4 e5 11. f5 h5 12. a4 a5 13.
Bf3 Qb6+ 14. Kg2 g6 15. Qd3 Qa6 16. Qxa6 Rxa6 17. Be3 Ng4 18. Bg1 gxf5 19. exf5
Bxf5 20. Bxc6+ Rxc6 21. Rxf5 f6 22. h3 Nh6 23. Rxh5 Bb4 {Baklan,V (2604)
-Florescu,C (2286) Mamaia ROU 2019 1-0 (51)}) 9... Nxd4 10. e5 Ng8 11. Ne4 $146
({RR} 11. Na4 Nc6 12. Be3 b5 13. Nb6 Rb8 14. Nxc8 Rxc8 15. Qe2 Nh6 16. a4 Nf5
17. Bf2 O-O 18. axb5 axb5 19. Qxb5 Ncd4 20. Qa4 Qxc2 21. Bxd4 Nxd4 22. Qxd7 Bc5
23. Kh1 Rfd8 24. Qb7 Rb8 25. Qc7 Rdc8 {Ulrich,S (1799)-Joynt,R (2265) Madison
2017 0-1 (40)}) 11... Nc6 12. Be3 Nh6 13. g4 b5 14. a4 Bb7 15. a5 Nxa5 16. Rxa5
Qxa5 17. Nd6+ Bxd6 18. Qxd6 Bxg2 19. Bb6 Qxb6+ 20. Qxb6 Bxf1 21. g5 Nf5 22.
Kxf1 O-O 23. c3 Rfd8 24. Qb7 d6 25. exd6 Nxd6 26. Qc6 Nf5 27. Ke2 g6 28. Qb7
Nd6 29. Qc6 Nc4 30. Ke1 Nxb2 31. h4 Nd3+ 32. Kf1 Nxf4 33. h5 Nxh5 34. c4 bxc4
35. Qxc4 a5 0-1

[Event "Floripa Chess Open 2024"]
[Site "Florianopolis"]
[Date "2024.01.22"]
[Round "4.87"]
[White "Coutinho, Lucas Buss Soares"]
[Black "Hataby, Raed"]
[Result "0-1"]
[WhiteElo "1233"]
[BlackElo "1888"]
[PlyCount "142"]
[EventDate "2024.01.20"]
[EventRounds "10"]
[EventCountry "BRA"]

1. e4 d6 2. d4 Nf6 3. Nc3 g6 4. Nf3 Bg7 5. Be3 c6 6. h3 Qa5 7. Bc4 ({RR} 7. Bd3
Nbd7 8. O-O O-O 9. Nd2 e5 10. Nc4 Qc7 11. a4 Ng4 12. hxg4 exd4 13. Bf4 dxc3 14.
Bxd6 cxb2 15. Rb1 Qd8 16. Bxf8 Qxf8 17. Nxb2 Nc5 18. a5 Be6 19. Nc4 Rd8 20. Qf3
Qe7 21. Rfd1 Rd4 {Leko,P (2741)-Svidler,P (2738) Moscow 2008 1/2-1/2}) ({RR} 7.
Bd3 O-O 8. O-O e5 9. Re1 Nbd7 10. Qd2 Qc7 11. a4 Re8 12. a5 exd4 13. Bxd4 Ne5
14. Be2 Nxf3+ 15. Bxf3 Be6 16. e5 dxe5 17. Bxe5 Qc8 18. Qf4 Nd5 19. Nxd5 Bxd5
20. Bxg7 Kxg7 21. Rxe8 Qxe8 {Perez Ponsa,F (2554)-Onischuk,V (2622) chess.com
INT 2021 1-0 (72)}) 7... Nxe4 8. Qd3 $146 ({RR} 8. Bd2 Nxd2 9. Qxd2 d5 10. Bb3
Nd7 11. O-O Qd8 12. Rfe1 O-O 13. Qe3 e6 14. Ne2 b6 15. c3 Bb7 16. Ng3 Re8 17.
Qf4 Rc8 18. h4 Qf6 19. Qg4 h5 20. Qh3 Nf8 21. Ne2 Qf5 22. Qg3 Qg4 {Turicar,G  
(1836)-Vukovic,I (2110) Topusko 2015 0-1 (72)}) 8... Nxc3 9. bxc3 O-O 10. O-O
Qh5 11. Bg5 d5 12. Bb3 f6 13. Bf4 e5 14. Bg3 Kh8 15. Qe3 Bh6 16. Qe1 e4 17. Nd2
Qg5 18. Rd1 b5 19. Kh1 Nd7 20. Rg1 f5 21. Bd6 Re8 22. a4 a6 23. a5 Qd8 24. Ra1
Qf6 25. Ba3 Qe6 26. Nf1 Nf6 27. Bc1 f4 28. Nh2 Bd7 29. Qe2 f3 30. gxf3 Bxc1 31.
Raxc1 Qxh3 32. fxe4 Rxe4 33. Qf3 Qh4 34. Qg3 Rae8 35. Qxh4 Rxh4 36. Rce1 Rxe1
37. Rxe1 Ng4 38. Re7 Bf5 39. Kg1 Rxh2 40. f3 Rd2 41. fxg4 Bxg4 42. Rc7 h5 43.
Rxc6 Kg7 44. Rxa6 h4 45. Ra7+ Kh6 46. a6 Bf3 47. Rf7 Rd1+ 48. Kf2 Be4 49. a7
Ra1 50. Re7 Kh5 51. Rb7 Kg4 52. Rxb5 Rxa7 53. Bxd5 Bxd5 54. Rxd5 Ra2 55. Rd6
Rxc2+ 56. Kg1 g5 57. Rg6 Rxc3 58. d5 Rd3 59. d6 h3 60. Kh2 Rd2+ 61. Kh1 Kh5 62.
Rf6 g4 63. Rf5+ Kh4 64. Rf4 Kg3 65. Rf1 Rh2+ 66. Kg1 Rd2 67. Rc1 Rxd6 68. Rc3+
Kf4 69. Rc4+ Kf3 70. Kh2 g3+ 71. Kxh3 Rh6+ 0-1

[Event "Floripa Chess Open 2024"]
[Site "Florianopolis"]
[Date "2024.01.22"]
[Round "4.88"]
[White "Gazola, Vanessa Ramos"]
[Black "Bieging, Luca Jurgen"]
[Result "1-0"]
[WhiteElo "1921"]
[BlackElo "1436"]
[PlyCount "99"]
[EventDate "2024.01.20"]
[EventRounds "10"]
[EventCountry "BRA"]

1. d4 Nf6 2. c4 g6 3. Nc3 Bg7 4. e4 d6 5. f3 O-O 6. Bg5 c5 7. d5 e6 8. Qd2 exd5
9. Nxd5 Be6 10. Ne2 Bxd5 11. cxd5 Nbd7 12. Nc3 Re8 13. Be2 a6 14. a4 h6 15. Be3
Rb8 $146 ({RR} 15... Kh7 16. O-O Qc7 17. a5 b5 18. axb6 Qxb6 19. Ra2 Reb8 20.
Rfa1 a5 21. Nb5 Ne8 22. Rxa5 Rxa5 23. Qxa5 Bxb2 24. Qxb6 Nxb6 25. Ra7 Kg7 26.
Bf4 c4 27. Nxd6 Nxd6 28. Bxd6 Rc8 29. Kf1 c3 30. Be5+ {Milos,G (2575)-Alboredo,
J (2208) chess.com INT 2023 1-0 (56)}) 16. O-O Kh7 17. a5 Bf8 18. Rfc1 b5 19.
axb6 Qxb6 20. Nd1 Ra8 21. Ra5 Reb8 22. Rca1 Qb3 23. R1a3 Qb6 24. Rxa6 Rxa6 25.
Rxa6 Qb3 26. Ra3 Qb6 27. Qa5 Qxa5 28. Rxa5 Ne5 29. h3 g5 30. Ra4 Nfd7 31. f4
gxf4 32. Bxf4 Bg7 33. Ra6 Rb6 34. Rxb6 Nxb6 35. Kf1 c4 36. Nc3 Kg6 37. g4 Kf6
38. Be3 Nbd7 39. Bd4 Kg6 40. Nb5 Kg5 41. Nxd6 Kf4 42. Nxf7 Nxf7 43. Bxg7 Kxe4
44. Bxc4 Kf3 45. Bb5 Nc5 46. Bf8 Ne4 47. Be8 Ned6 48. Bxf7 Nxf7 49. d6 Ne5 50.
Bxh6 1-0

[Event "Floripa Chess Open 2024"]
[Site "Florianopolis"]
[Date "2024.01.22"]
[Round "4.89"]
[White "Guerreiro, Heitor Koffermann"]
[Black "Rekik, Ismail"]
[Result "0-1"]
[WhiteElo "1467"]
[BlackElo "1919"]
[PlyCount "116"]
[EventDate "2024.01.20"]
[EventRounds "10"]
[EventCountry "BRA"]

1. d4 Nf6 2. Nc3 d5 3. Bf4 Bf5 4. e3 e6 5. Bd3 Bg6 6. Nge2 ({RR} 6. h4 Bd6 7.
h5 Bxd3 8. Qxd3 h6 9. O-O-O Nc6 10. Nf3 Qe7 11. Bxd6 Qxd6 12. Kb1 a6 13. e4 Nb4
14. Qe2 dxe4 15. Ne5 O-O 16. a3 Nbd5 17. Nxe4 Nxe4 18. Qxe4 b5 19. Rd3 Rad8 20.
Rhd1 c5 {Erigaisi,A (2701)-Yu Yangyi (2729) chess.com INT 2023 1-0 (40)}) 6...
a6 $146 ({RR} 6... c6 7. O-O Nbd7 8. Ng3 Bb4 9. Nce2 Qe7 10. c4 Bxd3 11. Qxd3
dxc4 12. Qxc4 Nd5 13. Ne4 Nxf4 14. Nxf4 Bd6 15. Nxd6+ Qxd6 16. Rfd1 O-O 17.
Rac1 Rfd8 18. Qb3 Nb6 19. Nd3 Qd5 20. Rc3 Rd7 21. Nc5 {Braun,G (2325)-Lorenz,G
(2350) Germany 1998 0-1 (39)}) ({RR} 6... c5 7. O-O Nc6 8. Nb5 Rc8 9. c4 a6 10.
Nbc3 Bxd3 11. Qxd3 cxd4 12. Nxd4 Nxd4 13. Qxd4 Rxc4 14. Qd3 Bd6 15. Bxd6 Qxd6
16. Rfd1 Qc7 17. Ne2 O-O 18. b3 Rc5 19. Rac1 Rc8 20. Rxc5 Qxc5 21. h3 {
Dronavalli,H (2509)-Lagno,K (2542) chess.com INT 2023 1/2-1/2 (59)}) ({RR} 6...
Be7 7. O-O O-O 8. Rc1 a6 9. f3 c5 10. Bxg6 hxg6 11. Kh1 Nc6 12. g4 cxd4 13.
exd4 Nd7 14. b3 g5 15. Be3 g6 16. Qd2 Kg7 17. f4 gxf4 18. Bxf4 Rh8 19. Qe3 Rh4
20. Qf3 Qh8 21. Bg3 {Nagy,H (1997)-Jakab,B (1791) Gyor 2014 1-0 (70)}) 7. O-O
c5 8. dxc5 Bxc5 9. a3 Nbd7 10. Bg5 Qc7 11. Ng3 Bxd3 12. cxd3 Bd6 13. Rc1 Qb8
14. e4 O-O 15. exd5 exd5 16. d4 h6 17. Bxf6 Nxf6 18. Qf3 Rd8 19. Rfe1 b5 20.
Nf1 b4 21. axb4 Qxb4 22. Rc2 Qxd4 23. Rd2 Qb4 24. Red1 Qf4 25. Nxd5 Qxf3 26.
gxf3 Nxd5 27. Rxd5 Be7 28. Ne3 Rdb8 29. R1d2 Bf6 30. Nd1 a5 31. Kf1 Rb4 32. Kg2
Ra6 33. Kf1 a4 34. Kg2 Rb3 35. h3 Bxb2 36. Nxb2 a3 37. Na4 Rxa4 38. Ra2 Rf4 39.
Ra5 Rfxf3 40. h4 g6 41. Rb5 Rxb5 42. Kxf3 Ra5 43. Ke3 Kg7 44. Kf4 f5 45. Ke3
Kf6 46. Kf3 Ra4 47. Kg3 Rg4+ 48. Kh3 Ra4 49. Kg3 Ke5 50. f4+ Kd4 51. Kf3 Kc3
52. Kg3 Kb3 53. Re2 a2 54. Rxa2 Rxa2 55. h5 gxh5 56. Kh4 Rf2 57. Kxh5 Rxf4 58.
Kxh6 Rg4 0-1

[Event "Floripa Chess Open 2024"]
[Site "Florianopolis"]
[Date "2024.01.22"]
[Round "4.90"]
[White "Da Silva, Leticia Alice"]
[Black "Muzzi, Eduardo"]
[Result "1/2-1/2"]
[WhiteElo "1435"]
[BlackElo "1913"]
[PlyCount "87"]
[EventDate "2024.01.20"]
[EventRounds "10"]
[EventCountry "BRA"]

1. e4 {Gurevich,M} e6 2. d4 d5 3. exd5 exd5 4. Nf3 Bg4 5. h3 Bh5 6. Qe2+ Qe7 7.
Be3 Nc6 8. Nc3 O-O-O 9. O-O-O Qb4 ({RR} 9... f6 10. g4 Bf7 11. Nd2 Qd7 12. Nb3
h5 13. Na4 Nb8 14. Nac5 Bxc5 15. Nxc5 Qd6 16. g5 Ne7 17. Qf3 b6 18. Bf4 Qc6 19.
Nd3 Bg6 20. gxf6 gxf6 21. Nb4 Qd7 22. Qc3 a5 23. Na6 Nxa6 24. Bxa6+ {
Kirichenko,V (2262)-Papasimakopoulos,A (2334) Tornelo INT 2023 0-1 (35)}) 10.
a3 $146 ({RR} 10. g4 Bg6 11. a3 ({RR} 11. Ne5 Nxe5 12. dxe5 d4 13. Qd2 Be7)
11... Qa5 12. Qb5 Qxb5 13. Bxb5 Nb8 14. Ne5 f6 15. Nxg6 hxg6 16. Bd3 Ne7 17. h4
Nd7 18. Ne2 f5 19. g5 Nb6 20. Nf4 Kb8 21. b3 Nbc8 22. Rde1 Nd6 23. f3 Kc8 24.
Bf2 Kd7 {Mueller,K (2521)-Kindermann,S (2542) Austria 2003 1-0}) ({RR} 10. g4
Bg6 11. Nh4 Qa5 12. Nxg6 hxg6 13. Qb5 Nf6 ({RR} 13... Bb4 14. Qxa5 Nxa5) 14.
Bg2 Qxb5 15. Nxb5 Bb4 ({RR} 15... a6 16. Nc3 Bb4 17. g5 Bxc3 18. gxf6) 16. a3
Ba5 17. b4 Bb6 18. Nc3 Ne7 19. Bg5 ({RR} 19. g5 Ne8 20. Na4 ({RR} 20. Rhe1 c6)
20... Nd6) 19... c6 20. Na4 Rde8 ({RR} 20... Bc7 21. Rde1 Bd6 22. Re2) 21. Rhe1
Bd8 22. Bxf6 ({RR} 22. Re2 Ne4) ({RR} 22. Nc5) 22... gxf6 23. Re2 f5 24. Rde1
fxg4 {Iuldachev,S (2491)-Gurevich,M (2643) Gent 1999 EXT 2003 [Gurevich,M] 0-1
(44)}) ({RR} 10. g4 Bg6 11. Nh4 Qa5 12. Qb5 Bb4 13. Qxa5 Nxa5 14. Nxg6 fxg6 15.
Ne2 Nc4 16. Bg5 Be7 17. Bxe7 Nxe7 18. Nf4 Nd6 19. Bg2 Rdf8 20. Nd3 c6 21. Rde1
Kd8 22. Re2 Nec8 23. Rhe1 Re8 24. Rxe8+ Rxe8 {Gonzalez Menendez,I (2294)
-Rodriguez Guerrero,E (2324) Mondariz 2002 1/2-1/2 (33)}) 10... Qa5 11. Qb5
Qxb5 12. Bxb5 Bxf3 13. gxf3 Nge7 14. Bd3 g6 15. Rhg1 Bg7 16. Ne2 Kb8 17. f4 f5
18. c3 Bf6 19. Kc2 Rhe8 20. Bc1 Nc8 21. f3 Nd6 22. b3 Re7 23. Rg2 Rde8 24. Ng1
Nd8 25. Re2 Ne6 26. Bd2 Bh4 27. Re5 c5 28. Rf1 Bf6 29. Re2 Kc8 30. Kd1 Kd7 31.
a4 a6 32. Be3 Bh4 33. Rg2 Nc7 34. Bd2 Ne6 35. Be3 Ng7 36. Bd2 b5 37. axb5 axb5
38. Re2 Rxe2 39. Nxe2 Ra8 40. Bc1 Ne6 41. Rg1 Ra1 42. Kc2 Bf6 43. Kb2 Ra8 44.
Be3 1/2-1/2

[Event "Floripa Chess Open 2024"]
[Site "Florianopolis"]
[Date "2024.01.22"]
[Round "4.91"]
[White "Jurado, Laura Alves"]
[Black "Ferreira, Gabriel Duque"]
[Result "0-1"]
[WhiteElo "1419"]
[BlackElo "1891"]
[PlyCount "46"]
[EventDate "2024.01.20"]
[EventRounds "10"]
[EventCountry "BRA"]

1. d4 Nf6 2. Bf4 g6 3. Nc3 d6 4. e4 Bg7 5. Qd2 c6 6. f3 b5 7. Bh6 Bxh6 8. Qxh6
b4 9. Nce2 Nbd7 10. Nh3 $146 ({RR} 10. O-O-O Qa5 11. Kb1 Nb6 12. Nc1 Be6 13.
Nb3 Qh5 14. Qxh5 Nxh5 15. Ba6 Rb8 16. Ne2 Bc4 17. Bxc4 Nxc4 18. h4 f5 19. e5
O-O 20. f4 Rbd8 21. Rd3 dxe5 22. dxe5 Rxd3 23. cxd3 Ne3 24. g3 Rd8 {Kovalev,V 
(2620)-Andreikin,D (2729) chess.com INT 2023 0-1 (56)}) ({RR} 10. g4 Ba6 11.
Qd2 Qa5 12. h4 Nb6 13. a3 c5 14. b3 cxd4 15. Qxb4 Qxb4+ 16. axb4 Bxe2 17. Nxe2
e5 18. Ng3 Ke7 19. Kd2 Rhc8 20. Bd3 Rc7 21. Ra6 Rb8 22. Rha1 Nc8 23. R1a4 Nd7
24. Ne2 Ndb6 {Sigfusson,S (2241)-Gretarsson,S Reykjavik ISL 2019 1/2-1/2 (45)})
10... Qa5 11. c3 Ba6 12. Qd2 bxc3 13. bxc3 O-O 14. Nhf4 e5 15. Nd3 d5 16. Nxe5
Nxe5 17. dxe5 Nd7 18. exd5 Nxe5 19. Nf4 Rfe8 20. Kf2 Qb6+ 21. Qd4 Qb2+ 22. Be2
Nd3+ 23. Nxd3 Qxe2+ 0-1

[Event "Floripa Chess Open 2024"]
[Site "Florianopolis"]
[Date "2024.01.22"]
[Round "4.92"]
[White "Bezerra, Fabiano De Oliveira"]
[Black "Zottis, Pietro"]
[Result "1-0"]
[WhiteElo "1890"]
[BlackElo "1418"]
[PlyCount "59"]
[EventDate "2024.01.20"]
[EventRounds "10"]
[EventCountry "BRA"]

1. e4 c6 2. Nf3 d5 3. exd5 cxd5 4. Ne5 Nf6 5. d4 a6 6. Bd3 Nc6 7. O-O e6 8. c3
Be7 9. Nd2 O-O 10. Re1 Nd7 $146 ({RR} 10... Qc7 11. Ndf3 b5 12. Nxc6 Qxc6 13.
Ne5 Qb6 14. a3 Qb7 15. Re3 Ne4 16. Rh3 g6 17. Bh6 Re8 18. Re3 Bf8 19. Bxf8 Rxf8
20. Bxe4 dxe4 21. Qe2 f6 22. Ng4 {1/2-1/2 (22) Witte,M (2140)-Langer,G (1657)
Berlin 2014}) 11. f4 Ndxe5 12. fxe5 f5 13. exf6 Bxf6 14. Nf3 Ne7 15. Ng5 Nf5
16. Nxe6 Bxe6 17. Rxe6 Bg5 18. Qg4 Bxc1 19. Rxc1 Nd6 20. Qh5 Ne4 21. Bxe4 dxe4
22. Rxe4 Qf6 23. Qe2 Qg5 24. Re1 h6 25. h3 b5 26. Rg4 Qd8 27. Qe7 Rf7 28. Qe6
Kf8 29. Rf1 Raa7 30. Rgf4 1-0

[Event "Floripa Chess Open 2024"]
[Site "Florianopolis"]
[Date "2024.01.22"]
[Round "4.94"]
[White "Cordioli, Jairo Ribeiro"]
[Black "Milat, Marcel"]
[Result "1/2-1/2"]
[WhiteElo "1703"]
[BlackElo "2213"]
[PlyCount "72"]
[EventDate "2024.01.20"]
[EventRounds "10"]
[EventCountry "BRA"]

1. d4 {Meszaros/Berkes} Nf6 2. Nf3 g6 3. c4 Bg7 4. Nc3 d5 5. Qb3 dxc4 6. Qxc4
O-O 7. e4 a6 8. Bf4 b5 9. Qxc7 Qxc7 10. Bxc7 Bb7 11. e5 ({RR} 11. Bd3 b4 12.
Na4 Nxe4 13. O-O Nf6 14. Rac1 Nbd7 15. Ne5 Rfc8 16. Rfe1 e6 17. Nb6 ({RR} 17.
Bd6 Bf8 18. Bxf8 Kxf8 19. Nc5 Nxc5 20. dxc5 Bd5) 17... Nxb6 18. Bxb6 Nd5 19.
Ba5 ({RR} 19. Bc5) 19... Bh6 20. Rc4 Rxc4 21. Nxc4 Bf8 22. g3 Rc8 23. Ne5 Nf6
24. Bf1 Bd5 25. Nd3 Rc4 {Leko,P (2751)-Anand,V (2783) Miskolc 2009 CBM 130
Extra [Meszaros/Berkes] 1/2-1/2 RR} 26. b3 Rxd4 ({RR} 26... Rc2 27. Re2) 27.
Bb6 Re4 28. Rc1 Nd7 29. Be3) 11... Nfd7 ({RR} 11... Nh5 12. Be2 Nd7 13. Ba5
Rfc8 14. g3 f5 15. O-O Rab8 16. a3 Bh6 17. Rad1 Ng7 18. d5 Ne8 19. Rfe1 Bg7 20.
Bd3 Nc5 21. Bb1 h6 22. Nd4 Kh7 23. f4 Nc7 24. Ba2 Ne8 25. Rd2 h5 26. h4 {
Gregor,J (2192)-Vojta,J (2134) Czech Republic CZE 2020 1-0}) 12. Bd3 $146 ({RR
} 12. Bxb8 Nxb8 13. Be2 Nc6 14. Rd1 Rfd8 15. a4 b4 16. Na2 Rab8 17. O-O Na5 18.
Nc1 Rbc8 19. Rfe1 Rc2 20. Rd2 Rxd2 21. Nxd2 Bxe5 22. dxe5 Rxd2 23. Nd3 b3 24.
Kf1 Nc4 25. Nc5 Bd5 26. Nxb3 Rxb2 {Christensen,N (2178)-Riediger,M (2260)
Bayern 2002 0-1}) 12... Nc6 13. Be4 Rfc8 14. Bxc6 Bxc6 15. Ba5 e6 16. O-O f6
17. Rfe1 Bxf3 18. gxf3 fxe5 19. d5 exd5 20. Nxd5 Rc2 21. Bc3 Rf8 22. Nb4 Rxc3
23. bxc3 Rxf3 24. Re3 Rxe3 25. fxe3 Nc5 26. Rd1 e4 27. Rd8+ Kf7 28. Nd5 Be5 29.
h3 h5 30. Rc8 Bd6 31. Rc6 Ke6 32. Nb4 Kd7 33. Rb6 Kc7 34. Nd5+ Kd7 35. Nb4 Kc7
36. Nd5+ Kd7 1/2-1/2

[Event "Floripa Chess Open 2024"]
[Site "Florianopolis"]
[Date "2024.01.22"]
[Round "4.95"]
[White "Dias, Matheus Nunes"]
[Black "Gruettner, Ralf"]
[Result "0-1"]
[WhiteElo "1684"]
[BlackElo "2071"]
[PlyCount "40"]
[EventDate "2024.01.20"]
[EventRounds "10"]
[EventCountry "BRA"]

1. d4 Nf6 2. c4 c5 3. e3 g6 4. Nc3 Bg7 5. Nf3 O-O 6. Be2 Nc6 7. O-O d6 8. a3 ({
RR} 8. h3 Bf5 9. b3 e5 10. dxc5 dxc5 11. Bb2 e4 12. Nh2 Qe7 13. Qc1 Rad8 14.
Rd1 Ne5 15. Nf1 h5 16. Ng3 h4 17. Nxf5 gxf5 18. Qc2 Ng6 19. Rxd8 Rxd8 20. Rd1
Rxd1+ 21. Qxd1 f4 22. Nb5 fxe3 {Adly,A (2484)-Minasian,A (2597) Dubai 2005 1-0
(44)}) ({RR} 8. h3 Bf5 9. b3 Ne4 10. Bb2 Qa5 11. Nxe4 Bxe4 12. Qd2 Qxd2 13.
Nxd2 Bf5 14. Nf3 Rfd8 15. Rfd1 a5 16. Ba3 a4 17. Bd3 axb3 18. axb3 Bxd3 19.
Rxd3 e5 20. dxe5 Nxe5 21. Nxe5 Bxe5 22. Ra2 Ra6 {Tologontegin,S (2384)-Chigaev,
M (2622) chess.com INT 2024 0-1}) 8... Bf5 9. Bd3 Bxd3 $146 ({RR} 9... Bg4 10.
Be2 Rc8 11. h3 Bf5 12. Bd3 Bxd3 13. Qxd3 cxd4 14. exd4 Na5 15. Nd2 d5 16. c5
Ne4 17. b4 Nxd2 18. Bxd2 Nb3 19. Rad1 Nxd4 20. Be3 Nc6 21. Nxd5 e6 22. Nf4 Qxd3
23. Nxd3 Rfd8 24. Bc1 {Patzer,J (1810)-Skarke,H Ellwangen 1995 0-1 (37)}) 10.
Qxd3 Qc8 11. e4 cxd4 12. Nxd4 Nb4 13. Qe3 Ng4 14. Qd2 Bxd4 15. Qxd4 Nc2 16. Qd1
Nxa1 17. h3 Ne5 18. Bh6 Re8 19. Qxa1 f6 20. Bf4 Qxc4 0-1

[Event "Floripa Chess Open 2024"]
[Site "Florianopolis"]
[Date "2024.01.22"]
[Round "4.96"]
[White "Cunha, Adriano De Jesus Si"]
[Black "Lopes, Leonardo Borges"]
[Result "1/2-1/2"]
[WhiteElo "2003"]
[BlackElo "1694"]
[PlyCount "74"]
[EventDate "2024.01.20"]
[EventRounds "10"]
[EventCountry "BRA"]

1. d4 Nf6 2. Nf3 g6 3. Bg5 Bg7 4. Nbd2 d5 5. e3 O-O 6. Bd3 Nbd7 7. c4 ({RR} 7.
h4 h6 8. Bf4 c5 9. c3 Nh5 10. Bh2 Nhf6 11. Ne5 Nxe5 12. Bxe5 cxd4 13. cxd4 h5
14. Rc1 Bg4 15. Qb3 Rc8 16. O-O Qd7 17. Qa3 a6 18. Nb3 Rfe8 19. Nc5 Qc6 20. Rc3
Ra8 21. f3 Bf5 {Chiappero,J (2015)-Ocampos,I (2211) Buenos Aires ARG 2023 1-0 
(69)}) 7... c6 ({RR} 7... c5 8. O-O cxd4 9. Nxd4 dxc4 10. Nxc4 e5 11. Nb5 a6
12. Nbd6 b5 13. Nd2 h6 14. Bxf6 Nxf6 15. Nxc8 Qxd3 16. Nb3 Qe4 17. Ne7+ Kh7 18.
Rc1 Qa4 19. Qc2 Rfe8 20. Nc6 Rac8 21. Qb1 Qh4 22. a3 {Bryzgalin,K (2531)
-Areshchenko,A (2645) Moscow 2008 0-1}) 8. O-O Qe8 $146 ({RR} 8... Qc7 9. Rc1
e5 10. Nxe5 Nxe5 11. Bf4 Nfd7 12. cxd5 Qa5 13. dxe5 Nxe5 14. Bb1 Qxd5 15. e4
Qa5 16. Bxe5 Bxe5 17. Nc4 Qc7 18. Nxe5 Qxe5 19. f4 Qxb2 20. f5 Re8 21. Rf2 Qg7
22. Qd2 f6 23. fxg6 {Bege,V (1737)-Gombocz,F (1996) Budapest 2013 1-0 (31)}) 9.
Ne5 Nxe5 10. dxe5 Ng4 11. cxd5 cxd5 12. Qb3 Nxe5 13. Be2 e6 14. Rac1 Nc6 15.
Rfd1 a6 16. Qb6 h6 17. Bh4 Be5 18. f4 Bb8 19. Nf3 e5 20. fxe5 Nxe5 21. Nd4 Ng4
22. Bxg4 Bxg4 23. Re1 Qd7 24. Qb3 Re8 25. Rf1 Re4 26. Bg3 Bxg3 27. hxg3 Rae8
28. Rc3 R8e7 29. Rf4 R4e5 30. a3 h5 31. Kh2 Kg7 32. Nf3 Rf5 33. Rd3 Rxf4 34.
gxf4 Bf5 35. Rxd5 Rxe3 36. Qd1 Qe7 37. Re5 Rxe5 1/2-1/2

[Event "Floripa Chess Open 2024"]
[Site "Florianopolis"]
[Date "2024.01.22"]
[Round "4.97"]
[White "Cunha E Silva, Carlos Alberto V."]
[Black "Ramazzotte, Maicon Zilli"]
[Result "1/2-1/2"]
[WhiteElo "1984"]
[BlackElo "1682"]
[PlyCount "116"]
[EventDate "2024.01.20"]
[EventRounds "10"]
[EventCountry "BRA"]

1. e4 c5 2. Nf3 e6 3. d4 cxd4 4. Nxd4 a6 5. Nc3 Qc7 6. Be2 Nf6 7. Qd3 b5 8. a3
Bb7 9. O-O d6 10. Be3 Nbd7 11. f3 Be7 12. Rad1 O-O 13. g4 Ne5 14. Qd2 Rad8 $146
({RR} 14... Nfd7 15. Bf4 Rfd8 16. Bg3 Nb6 17. f4 Nec4 18. Qc1 Rac8 19. Rf3 Nd7
20. g5 g6 21. Rdf1 Bf8 22. Bf2 Be7 23. b3 Ncb6 24. b4 Qb8 25. Qd2 Qa8 26. Re3
e5 27. fxe5 Nxe5 28. Rg3 Nbc4 29. Bxc4 {Movldiev,I-Osipovich,O (2192) Dagomys
2004 0-1 (35)}) 15. g5 Nfd7 16. f4 Nc4 17. Bxc4 bxc4 18. f5 exf5 19. Nxf5 Ne5
20. Nd5 Bxd5 21. Qxd5 Rb8 22. Bc1 Rfd8 23. Rf2 Rb5 24. Qd4 Bf8 25. h3 d5 26.
Bf4 Bc5 27. Qxe5 Bxf2+ 28. Kxf2 Qxe5 29. Bxe5 f6 30. gxf6 gxf6 31. Bxf6 Rd7 32.
Ne7+ Kf7 33. Nxd5 Rd6 34. Rg1 Rdxd5 35. exd5 Kxf6 36. Rd1 Ke7 37. d6+ Kd7 38.
Rd4 Rxb2 39. Rxc4 Kxd6 40. Ke3 Ra2 41. a4 Kd5 42. Kd3 Ra3+ 43. c3 Ra1 44. Rh4
Rd1+ 45. Kc2 Ra1 46. Kb2 Rf1 47. Rxh7 Kc4 48. Rh4+ Kc5 49. Rg4 Rh1 50. h4 a5
51. Kb3 Rb1+ 52. Kc2 Rh1 53. Kd3 Rh3+ 54. Kd2 Rh2+ 55. Ke1 Rh3 56. Rg5+ Kc4 57.
h5 Kxc3 58. Rxa5 Kb4 1/2-1/2